300 Biggest Cities in the United States - Statistics

General Stats
  • This quiz has been taken 111 times
  • The average score is 191 of 300
Answer Stats
State City % Correct
Illinois Chicago
99%
California Los Angeles
99%
New York New York City
99%
Texas Dallas
97%
Texas Houston
97%
California San Diego
97%
Texas Austin
96%
Colorado Denver
96%
Pennsylvania Philadelphia
96%
Arizona Phoenix
96%
Massachusetts Boston
95%
Michigan Detroit
95%
Mississippi Jackson
95%
Nevada Las Vegas
95%
Texas San Antonio
95%
Washington Seattle
95%
District Of Columbia Washington
95%
Georgia Atlanta
93%
Indiana Indianapolis
93%
Kansas | Missouri Kansas City
93%
Oregon Portland
93%
Florida Jacksonville
92%
Tennessee Memphis
92%
Florida Miami
92%
Oklahoma Oklahoma City
92%
North Carolina Charlotte
90%
Ohio Cleveland
90%
Georgia | Ohio Columbus
90%
Texas Fort Worth
90%
Tennessee Nashville
90%
California San Francisco
90%
California San Jose
90%
New Mexico Albuquerque
89%
Kentucky Louisville
89%
Minnesota Minneapolis
89%
Louisiana New Orleans
89%
Pennsylvania Pittsburgh
89%
Ohio Cincinnati
88%
Colorado Colorado Springs
88%
Hawaii Honolulu
88%
Wisconsin Milwaukee
88%
Nebraska Omaha
88%
North Carolina Raleigh
88%
California Sacramento
88%
Missouri St Louis
88%
Florida Tampa
88%
Alaska Anchorage
86%
Nebraska Lincoln
86%
Florida Orlando
86%
Nevada Reno
86%
California | Virginia Richmond
86%
Maryland Baltimore
85%
Iowa Des Moines
85%
Texas El Paso
85%
California Fresno
85%
Kentucky Lexington
85%
Arizona Mesa
85%
Minnesota St Paul
85%
Arizona Tucson
85%
New York Buffalo
84%
New Jersey Newark
84%
Illinois | Massachusetts | Missouri Springfield
84%
Oklahoma Tulsa
84%
Kansas Wichita
84%
Louisiana Baton Rouge
82%
New Jersey Jersey City
82%
Wisconsin Madison
82%
Ohio Toledo
82%
Virginia Virginia Beach
82%
Texas | Virginia Arlington
81%
Idaho Boise
81%
North Carolina Greensboro
81%
Washington Spokane
81%
North Carolina Winston-Salem
81%
Rhode Island Providence
79%
Minnesota | New York Rochester
79%
California Bakersfield
78%
Indiana Fort Wayne
78%
Michigan Grand Rapids
78%
Arkansas Little Rock
78%
California Long Beach
78%
California Riverside
78%
Oregon Salem
78%
New York Syracuse
78%
Kansas Topeka
78%
California Anaheim
77%
Alabama Birmingham
77%
Ohio Dayton
77%
North Carolina Durham
77%
Nevada North Las Vegas
77%
California Oakland
77%
Utah Salt Lake City
77%
Florida St. Petersburg
77%
Ohio Akron
75%
South Carolina Charleston
75%
Missouri | South Carolina Columbia
75%
Oregon Eugene
75%
Nevada Henderson
75%
South Dakota Sioux Falls
75%
Florida Tallahassee
75%
Colorado | Illinois Aurora
74%
Texas Corpus Christi
74%
Texas Lubbock
74%
California Stockton
74%
Washington Tacoma
74%
Connecticut Hartford
73%
Alabama Mobile
73%
California Santa Ana
73%
Arizona Scottsdale
73%
Texas Amarillo
71%
North Dakota Fargo
71%
Texas Laredo
71%
Virginia Norfolk
71%
California San Bernardino
71%
Texas Waco
71%
Georgia Augusta
70%
Arizona | California Glendale
70%
Alabama Huntsville
70%
Georgia Savannah
70%
Texas Allen
68%
Tennessee Knoxville
68%
Arizona | Illinois Peoria
68%
Texas Plano
68%
Utah Provo
68%
Louisiana Shreveport
68%
Massachusetts Worcester
68%
Connecticut Bridgeport
67%
Tennessee Chattanooga
67%
California Chula Vista
67%
Florida Fort Lauderdale
67%
California Fremont
67%
California Irvine
67%
Texas Irving
67%
Michigan Lansing
67%
Georgia Macon
67%
Iowa Cedar Rapids
66%
New Hampshire Manchester
66%
Connecticut New Haven
66%
California | Texas Pasadena
66%
New York Yonkers
66%
Virginia Alexandria
64%
Georgia Athens
64%
Texas Brownsville
64%
Arizona Chandler
64%
Arizona Gilbert
64%
California Modesto
64%
Florida Port St. Lucie
64%
Washington Vancouver
64%
Pennsylvania Allentown
63%
Michigan Ann Arbor
63%
Illinois Naperville
63%
California Oxnard
63%
California Santa Clarita
63%
California Santa Rosa
63%
Montana Billings
62%
Virginia Chesapeake
62%
Colorado Fort Collins
62%
Florida Hollywood
62%
Texas McAllen
62%
North Carolina Wilmington
62%
Florida Cape Coral
60%
North Carolina Fayetteville
60%
California Huntington Beach
60%
Illinois Joliet
60%
Colorado Lakewood
60%
California Ontario
60%
California Fontana
59%
Texas Garland
59%
Florida Hialeah
59%
California Lancaster
59%
Kansas Olathe
59%
California Orange
59%
Illinois Rockford
59%
California Berkeley
58%
California Sunnyvale
58%
Washington Bellevue
56%
Texas Frisco
56%
Florida Gainesville
56%
Colorado Lakeland
56%
New Mexico Las Cruces
56%
Texas Mesquite
56%
Kansas Overland Park
56%
California Rancho Cucamonga
56%
Florida Clearwater
55%
Texas Denton
55%
Indiana Evansville
55%
Tennessee Murfreesboro
55%
California Oceanside
55%
New Jersey Paterson
55%
Florida West Palm Beach
55%
North Carolina Cary
53%
California | North Carolina Concord
53%
Texas McKinney
52%
Connecticut Stamford
52%
Utah West Jordan
52%
Utah West Valley City
52%
California Corona
51%
California Hayward
51%
Missouri Independence
51%
Washington Kent
51%
Texas Round Rock
51%
Michigan Sterling Heights
51%
Colorado Thornton
51%
Michigan Warren
51%
Massachusetts Cambridge
49%
New Jersey Elizabeth
49%
Louisiana Lafayette
49%
Texas Moreno Valley
49%
Texas Pearland
49%
California Santa Maria
49%
California Visalia
49%
Texas Carrollton
48%
Texas Grand Prairie
48%
Florida Palm Bay
48%
California Palmdale
48%
California Pomona
48%
California Salinas
48%
California Santa Clara
48%
Nevada Sparks
48%
Washington Spokane Valley
48%
California Garden Grove
47%
Virginia Newport News
47%
Texas Odessa
47%
Florida Pembroke Pines
47%
California Roseville
47%
California Thousand Oaks
47%
California Fullerton
45%
Oregon Gresham
45%
Massachusetts Lowell
45%
Idaho Meridian
45%
Florida Miami Gardens
45%
Florida Miramar
45%
New Mexico Rio Rancho
45%
California Torrance
45%
California Victorville
45%
Texas Abilene
44%
California Elk Grove
44%
Virginia Hampton
44%
South Carolina North Charleston
44%
California Vallejo
44%
Oklahoma Broken Arrow
42%
Florida Coral Springs
42%
California Escondido
42%
Tennessee Clarksville
41%
Texas Lewisville
41%
Oklahoma Norman
41%
Texas Killeen
40%
California Clovis
36%
Colorado Pueblo
36%
Alabama Tuscaloosa
36%
California Antioch
34%
Colorado Arvada
34%
Idaho Nampa
34%
Texas College Station
33%
Nevada Enterprise
33%
Washington Everett
33%
California Simi Valley
33%
California Carlsbad
32%
Colorado Greeley
30%
Nevada Paradise
30%
Nevada Sunrise Manor
30%
Illinois Elgin
29%
Texas Beaumont
27%
Arizona Buckeye
27%
California Fairfield
27%
Louisiana Metairie
27%
Arizona Goodyear
26%
North Carolina High Point
26%
California Temecula
26%
Colorado Westminster
26%
Texas League City
25%
California Murrieta
25%
Texas Richardson
25%
Texas Tyler
25%
Florida Pompano Beach
23%
Florida Brandon
22%
Connecticut Waterbury
22%
Texas New Braunfels
21%
Nevada Spring Valley
19%
Texas Conroe
18%
California East Los Angeles
16%
Florida Spring Hill
16%
California Menifee
15%
Georgia South Fulton
15%
Arizona Surpirse
14%
Texas The Woodlands
14%
Florida Lehigh Acres
5%
No matching quizzes found
Score Distribution
Percent of People with Each Score
Percentile by Number Answered
Your Score History
You have not taken this quiz